Top 30 : Sexion d'Assaut - Statistiques

Statistiques générales
  • Ce quiz a été pris 133 fois
  • Le résultat moyen est 9 sur 30
Statistiques - réponses
Top Titres Featuring % Correct
2 Wati by Night
83%
1 Désolé
82%
3 Ma direction
74%
4 Avant qu'elle parte
72%
10 Casquette à l'envers
60%
5 Wati House
58%
13 Disque d'or
53%
12 Africain
50%
6 Balader
44%
9 Paris va bien
41%
7 Problèmes d'adultes
38%
8 J'reste debout
30%
11 Qui t'a dit
27%
19 Paname allons danser
25%
18 Melrose Place LIO Petrodollars
24%
17 Cérémonie Dry
21%
21 Changement d'ambiance
20%
16 J'ai pas les Loves
19%
24 Wati-Bon Son Dry
19%
26 J'suis pas dans le Game Dr. Beriz
17%
20 Assez Dry
16%
15 A bout d'souffle
11%
25 L'école des points vitaux
11%
22 Mets pas celle-là
11%
14 Ils appellent ça
8%
28 Plus qu'un son
8%
27 Rien de méchant H Magnum
8%
29 A coeur ouvert
6%
30 L'endurance
6%
23 T'es bête ou quoi?
6%
Aucun quiz correspondant
Distribution des résultats
% des personnes avec chaque résultat
Percentile par nombre de réponses
Votre historique - résultats
Vous n’avez pas pris ce quiz